Welcome to the Holygrace Academy Library

Please use search bar below to get started

SSLC EXAMINATION BASED SPECIAL PROGRAMMES (Record no. 8007)

MARC details
000 -LEADER
fixed length control field 00347nam a22001217a 4500
082 ## - DEWEY DECIMAL CLASSIFICATION NUMBER
Classification number 510
Item number DEP/S
100 ## - MAIN ENTRY--AUTHOR NAME
Personal name DEPT OF EDUCATION, GOVT OF KERALA
245 ## - TITLE STATEMENT
Title SSLC EXAMINATION BASED SPECIAL PROGRAMMES
Remainder of title MATHS PAPER 1 & 2 - MALAYALAM
260 ## - PUBLICATION, DISTRIBUTION, ETC. (IMPRINT)
Place of publication TRIVANDRUM
Name of publisher SIET KERALA
300 ## - PHYSICAL DESCRIPTION
Other physical details ENGLISH-MALAYALAM VCD
650 ## - SUBJECT ADDED ENTRY--TOPICAL TERM
Topical Term MATHS
Geographic subdivision KERALA
942 ## - ADDED ENTRY ELEMENTS (KOHA)
Koha item type Visual Materials
Holdings
Withdrawn status Lost status Collection code Home library Current library Shelving location Date acquired Source of acquisition Cost, normal purchase price Full call number Accession Number Koha item type
    Fiction Main Library Main Library Audio Visual 26/04/2006 purchase 200.00 510 DEP/S 02667 Books